Engineering circuits analysis (Record no. 297966)
[ view plain ]
| 000 -LEADER | |
|---|---|
| fixed length control field | 00277 a2200109 4500 |
| 001 - CONTROL NUMBER | |
| control field | 62893 |
| 082 ## - DEWEY DECIMAL CLASSIFICATION NUMBER | |
| Classification number | 621.3192 HAY |
| 100 ## - MAIN ENTRY--PERSONAL NAME | |
| Personal name | Hayt, William |
| 245 ## - TITLE STATEMENT | |
| Title | Engineering circuits analysis |
| Statement of responsibility, etc. | William Hayt |
| 260 ## - PUBLICATION, DISTRIBUTION, ETC. | |
| Place of publication, distribution, etc. | NY |
| Name of publisher, distributor, etc. | McGraw Hill |
| Date of publication, distribution, etc. | 1962 |
| 500 ## - GENERAL NOTE | |
| General note | BE textbook Avionics |
| 942 ## - ADDED ENTRY ELEMENTS (KOHA) | |
| Institution code [OBSOLETE] | NUST-CAE |
| Call number prefix | 621.3192 HAY |
| Withdrawn status | Lost status | Damaged status | Not for loan | Collection code | Permanent Location | Current Location | Date acquired | Total Checkouts | Full call number | Barcode | Date last seen | Price effective from | Koha item type |
|---|---|---|---|---|---|---|---|---|---|---|---|---|---|
| College of Aeronautical Engineering (CAE) | College of Aeronautical Engineering (CAE) | 04/03/2017 | 621.3192 HAY | CAEG-2636 | 04/05/2017 | 04/05/2017 | Book |
